Anistia (Record no. 141353)
[ view plain ]
| 000 -LÍDER | |
|---|---|
| campo de controle de tamanho fixo | 00938 a2200169 4500 |
| 001 - NÚMERO DE CONTROLE | |
| campo de controle | 141353 |
| 040 ## - FONTE DA CATALOGAÇÃO | |
| Instituição que transcreveu o registro | Leonardo Da Vinci |
| 041 ## - CÓDIGO DE IDIOMA | |
| Código do idioma do texto/trilha sonora ou título diferente | Português |
| 082 ## - CDD - CLASSIFICAÇÃO DECIMAL DE DEWEY | |
| Número de Classificação | 324.3 Z58a |
| Número do exemplar | Z58a |
| 100 ## - ENTRADA PRINCIPAL--NOME PESSOAL | |
| Nome pessoal | ZERBINE, Therezinha Godoy |
| 245 ## - TÍTULO | |
| Título | Anistia |
| Restante do título | sementes da liberdade |
| 260 ## - PUBLICAÇÃO, DISTRIBUIÇÃO, ETC. | |
| Nome do editor, distribuidor, etc. | Escolas profissionais salesianas |
| Data da publicação, distribuição, etc. | 1979 |
| Local de publicação, distribuição, etc. | São Paulo |
| 300 ## - DESCRIÇÃO FÍSICA | |
| Extensão | 255 |
| 362 ## - DATAS DE PUBLICAÇÃO E/OU DESIGNAÇÃO SEQUENCIAL | |
| Datas de publicação e/ou designação sequencial | 19790000 |
| 697 ## - ENTRADA DE ASSUNTO LOCAL--ENTIDADE COLETIVA (RLIN) | |
| Nome corporativo ou nome da jurisdição | Anistia |
| -- | 1975 |
| -- | Manifestos |
| -- | Mulher brasileira |
| -- | Conferência Porto Alegre |
| -- | Jornal do Comércio |
| -- | Folha de Londrina |
| -- | 1976 |
| -- | Tribuna do Ceará |
| -- | MASP |
| -- | Norte |
| -- | Jornal da Bahia |
| -- | Jornal de debates |
| -- | 1977 |
| -- | Auditório das Mercês |
| -- | Salvador |
| -- | São Paulo |
| -- | Diário de Notícias |
| -- | Tribuna da Bahia |
| -- | Jornal do Brasil |
| -- | Diário de Natal |
| -- | Assembléia Legislativa |
| -- | Florianópolis |
| -- | Diário Popular |
| -- | Goiânia |
| -- | Tribuna do Norte |
| -- | Tribuna do Ceará |
| -- | Revista Manchete |
| -- | Diário de Lisboa |
| -- | 1979 |
| -- | Jornal do Brasil |
| -- | Folha de Londrina |
| -- | CBA |
| -- | Curitiba |
| -- | Campinas |
| -- | Brasil |
| 942 ## - ELEMENTOS DE ENTRADA ADICIONADOS (KOHA) | |
| Tipo de material Koha | Livros |
| Situação do descarte | Situação das perdas | Situação física | Não pode ser emprestado | Biblioteca de origem | Biblioteca atual | Data de aquisição | Total de empréstimos | Número de chamada completo | Código de barras | Data de último acesso | Data do preço efetivo | Tipo de material Koha |
|---|---|---|---|---|---|---|---|---|---|---|---|---|
| Leonardo Da Vinci - Osasco | Leonardo Da Vinci - Osasco | 27/03/2024 | 324.3 Z58a | O005569 | 27/03/2024 | 27/03/2024 | Livros |